[Event "Pacific Southwest op"]
[Site "Irvine"]
[Date "2015.07.03"]
[Round "1"]
[White "Lin, Alex"]
[Black "Wang, Annie"]
[Result "0-1"]
[WhiteElo "1516"]
[BlackElo "2042"]
[PlyCount "132"]
[EventDate "2015.07.03"]
[EventType "swiss"]
[EventRounds "6"]
[EventCountry "USA"]
[SourceTitle "EXT 2018"]
[Source "ChessBase"]
[SourceDate "2017.10.13"]
[SourceVersion "1"]
[SourceVersionDate "2017.10.13"]
[SourceQuality "1"]

1. e4 e6 2. d4 d5 3. Nc3 Nf6 4. e5 Nfd7 5. f4 c5 6. Nf3 Nc6 7. Be3 a6 8. Be2 b5 9. 0-0 b4 10. Na4 cxd4 11. Nxd4 Bb7 12. Kh1 Nxd4 13. Bxd4 Bc6 14. c4 Qa5 15. b3 Be7 16. cxd5 Bxd5 17. Rc1 0-0 18. Qd3 Rfd8 19. Rfd1 Bb7 20. Qe3 Rac8 21. Bc4 Bc6 22. Bb6 Nxb6 23. Qxb6 Qxb6 24. Nxb6 Rb8 25. Na4 a5 26. h3 g5 27. Rxd8+ Rxd8 28. f5 Rd2 29. fxe6 Rxg2 30. exf7+ Kf8 31. Be2 Be4 32. Rc8+ Kxf7 33. Bc4+ Kg7 34. Rc7 Rd2+ 35. Kg1 Kf8 36. Nb6 Bd8 37. Rf7+ Ke8 38. Nc8 Bg6 39. Rg7 Rd1+ 40. Kf2 g4 41. Nd6+ Kf8 42. Rg8+ Ke7 43. hxg4 Rd2+ 44. Kf3 Rxa2 45. Nf5+ Bxf5 46. gxf5 a4 47. bxa4 Ra3+ 48. Ke4 Kd7 49. f6 b3 50. e6+ Kc7 51. Rxd8 b2 52. Rd7+ Kb6 53. Rd6+ Kc5 54. Rd1 Ra1 55. f7 Kxc4 56. f8Q Rxd1 57. Qc8+ Kb3 58. Qb8+ Ka2 59. e7 b1Q+ 60. Qxb1+ Rxb1 61. Kf5 Rb8 62. Kf6 h5 63. a5 h4 64. a6 Ra8 65. a7 h3 66. Kf7 Rxa7 0-1

[Event "Richmond Keres Memorial 38th"]
[Site "Richmond"]
[Date "2013.05.20"]
[Round "5"]
[White "Lin, Alex"]
[Black "Beaudry, Lukas"]
[Result "1/2-1/2"]
[WhiteElo "1516"]
[BlackElo "2022"]
[PlyCount "106"]
[EventDate "2013.05.18"]
[EventType "swiss"]
[EventRounds "6"]
[EventCountry "CAN"]
[SourceTitle "CBM 154 Extra"]
[Source "ChessBase"]
[SourceDate "2013.06.25"]
[SourceVersion "2"]
[SourceVersionDate "2013.06.25"]
[SourceQuality "1"]

1. e4 c5 2. c3 d6 3. d4 Nf6 4. Bd3 Qc7 5. Nf3 g6 6. h3 Nbd7 7. 0-0 Bg7 8. Na3 0-0 9. Be3 b6 10. Nb5 Qb8 11. Qd2 Bb7 12. d5 c4 13. Bc2 Nc5 14. Bxc5 bxc5 15. Na3 Ba6 16. Rab1 Nd7 17. Qe2 Nb6 18. Nd2 e6 19. Ndxc4 exd5 20. exd5 Nxd5 21. Qf3 Nf6 22. Qc6 Bxc4 23. Nxc4 d5 24. Nd2 Qf4 25. Rfd1 Rfc8 26. Qa4 Qc7 27. Nf3 Rab8 28. Bd3 Rb6 29. Qc2 Rd8 30. Rd2 Nh5 31. Bf1 Rf6 32. Rbd1 Rfd6 33. g3 Nf6 34. Bg2 Qa5 35. a3 Qb6 36. Ne5 Nh5 37. Nf3 d4 38. Bf1 Bh6 39. Rd3 Ng7 40. Ne5 Rd5 41. f4 Nf5 42. Nc4 Qc7 43. g4 Ne7 44. Bg2 R5d7 45. Ne5 Rd6 46. g5 Bg7 47. cxd4 Nf5 48. Qxc5 Qb8 49. Nc6 Rxc6 50. Qxc6 Bxd4+ 51. Kh1 Qxf4 52. Qf3 Qxg5 53. Qg4 Qe7 1/2-1/2